Cristobal Colón y el descubrimiento de América / (Record no. 145634)

MARC details
000 -LEADER
campo de control de longitud fija 00651nam a2200181 i 4500
001 - NÚMERO DE CONTROL
campo de control 145634
003 - IDENTIFICADOR DE NÚMERO DE CONTROL
campo de control ES-MaACL
005 - FECHA Y HORA DE LA ÚLTIMA TRANSACCIÓN
campo de control 20231205181756.0
007 - CAMPO FIJO DE DESCRIPCIÓN FÍSICA--INFORMACIÓN GENERAL
campo de control de longitud fija t|
008 - DATOS DE LONGITUD FIJA--INFORMACIÓN GENERAL
campo de control de longitud fija 071015s1967 sp ||||1| spa d
100 1# - ENTRADA PRINCIPAL--NOMBRE DE PERSONA
Nombre de persona Verlinden, Charles.
9 (RLIN) 114145
245 10 - MENCIÓN DEL TÍTULO
Título Cristobal Colón y el descubrimiento de América /
Mención de responsabilidad, etc. Charles Verlinden ; [traducción y ampliación del texto original... por Florentino Pérez Embid].
260 ## - PUBLICACIÓN, DISTRIBUCIÓN, ETC.
Lugar de publicación, distribución, etc. Madrid :
Nombre del editor, distribuidor, etc. Rialp,
Fecha de publicación, distribución, etc. [1967]
300 ## - DESCRIPCIÓN FÍSICA
Extensión 215 p., 7 lám., 2 map. pleg. ;
Dimensiones 25 cm.
700 1# - ENTRADA AGREGADA--NOMBRE PERSONAL
Nombre de persona Pérez-Embid, Florentino,
Fechas asociadas al nombre 1918-1974
9 (RLIN) 90840
852 ## - LOCALIZACIÓN
Ubicación ES-MaACL
Número de control de estantería C-32242
Sublocalización o colección R.62824
Holdings
Estatus retirado Estado de pérdida Estado de daño No para préstamo Biblioteca de origen Biblioteca actual Ubicación en estantería Fecha de adquisición Fuente de adquisición Total de préstamos Signatura topográfica completa Código de barras Visto por última vez Precio de reemplazo Tipo de ítem Koha
        Biblioteca del Ateneo de Madrid Biblioteca del Ateneo de Madrid Depósito 2 17/01/2008     C-32242 1152021 23/02/2023 23/02/2023 Libro impreso